000 00537nam a22001817a 4500
005 20251108175134.0
008 250721s9999 xx 000 0 ara d
082 1 4 _a342.73/فار
100 1 _aفاراند، ماكس
245 1 0 _aقصة دستور الولايات المتحدة /
264 1 _aالقاهرة :
_bمكتبة وهبة،
300 _a189ص.
650 1 7 _aالدستور
650 1 7 _aالولايات المتحدة
700 1 _aابراهيم، وايت
_eمترجم
942 _2ddc
_cBK
999 _c127071
_d127071